000 00344nam a22001457a 4500
008 230930b |||||||| |||| 00| 0 eng d
082 _a105.32
100 _aS.L. Nelson
245 _aEXCEL 2002 from A TO Z
_cS.L. Nelson
260 _bFire Wall Media
_c2001
300 _a202
650 _aBB CSE
796 _aS.L. Nelson
942 _2ddc
_cBK
999 _c20292
_d20292